[Event "Comtois Masters 5th"]
[Site "Belfort"]
[Date "2002.07.07"]
[Round "10"]
[White "Tregubov, Pavel V"]
[Black "Hamdouchi, Hicham"]
[Result "1/2-1/2"]
[WhiteElo "2627"]
[BlackElo "2570"]
[Annotator "Stohl,I"]
[PlyCount "95"]
[EventDate "2002.06.27"]
[EventType "tourn"]
[EventRounds "10"]
[EventCountry "FRA"]
[EventCategory "14"]
[SourceTitle "CBM 090"]
[Source "ChessBase"]
[SourceDate "2002.09.20"]
[SourceVersion "1"]
[SourceVersionDate "2002.09.20"]
[SourceQuality "1"]

1. d4 e6 2. c4 c5 3. d5 exd5 4. cxd5 d6 5. Nc3 g6 6. Nf3 Bg7 7. Nd2 a6 $6 8. a4
Nd7 9. e4 Ngf6 10. Be2 O-O 11. O-O {By transposition Black has landed in a
dangerous line, in which the inclusion of a4 and a6 weakens his << and favours
White.} Re8 (11... Rb8 12. Ra3 Ne5 13. Re1 g5 14. Nf1 h6 15. Qc2 Re8 16. Bd2
Bd7 17. a5 Qc7 18. Na4 Ng6 19. Ng3 Nf4 20. Bf1 Re7 21. b4 Rbe8 {Volkov,S-Bu
Xiangzhi/Moscow op/2002/} 22. Qb1 $5 $36) 12. f4 Rb8 (12... c4 13. Kh1 Nc5 14.
e5 dxe5 15. fxe5 Rxe5 16. Nxc4 Rf5 17. Bf4 $1 $36 {[%csl Rb6] ><b6 shows one
of the points of the note to move 11.}) 13. Kh1 $1 (13. a5 $143 b5 14. axb6
Nxb6 15. Ra3 c4 16. Kh1 Qc7 17. Bf3 h5 18. h3 Qe7 19. Qe2 Qc7 20. Qf2 Nfd7 21.
Be2 Nc5 22. Qg3 Qe7 23. e5 dxe5 24. Nxc4 Nxc4 25. Bxc4 e4 26. Rd1 Qd6 27. Qe3
Bf5 $13 {Lugovoi,A-Ivanov,V/St. Petersburg/1997/}) 13... c4 {The most active
reaction. If Black plays passively, White can gradually prepare the central
break e4-e5:} (13... h5 14. Qc2 Ng4 15. Nf3 Bd4 16. Nd1 Qe7 17. Bd3 Bg7 18. Nc3
Bd4 19. h3 Ne3 20. Bxe3 Bxe3 21. Nh2 Qh4 22. Ne2 b5 23. axb5 axb5 24. e5 $1 Nf8
25. f5 $40 {Ignatiev,A-Markarov,A/Rybinsk/2001/}) (13... Qe7 14. a5 b5 15. axb6
Nxb6 16. Bf3 h5 17. h3 Ng4 18. Qe1 Nf6 19. Qf2 h4 20. Rd1 Nh7 21. e5 $5 dxe5
22. Nde4 exf4 23. Bxf4 Bd4 24. Rxd4 cxd4 25. Qxd4 Nd7 26. Bd6 Qd8 27. Bxb8 Nxb8
28. Rd1 $16 {Meduna,E-Chapman,A/Bad Wiessee/2000/}) 14. e5 $5 (14. Bxc4 Nc5 15.
Qf3 Bg4 16. Qg3 b5 $1 17. axb5 axb5 $44) 14... dxe5 15. Nxc4 e4 (15... b5 16.
axb5 axb5 17. Nd6 $1 (17. Nxe5 b4 18. Nb5 Nxe5 19. fxe5 Rxe5 20. Bf4 Nxd5 $1
21. Bc4 Be6 22. Bxe5 Bxe5 $36 23. Qe2 Qg5 24. Bxd5 Bxd5 25. Ra5 Rc8 26. Na7 Qh4
27. Qxe5 Qf2 $1 {0-1,Larsen,B-Ljubojevic,L/Milan/1975/}) 17... b4 18. Nxe8 Qxe8
19. Nb5 $14 {/+/-}) 16. f5 {[%cal Rc1f4] /\Bf4 The text is very logical, White
increses the scope of his Bc1. But more circumspect was} (16. Be3 $5 b6 (16...
b5 17. axb5 axb5 18. Na5 $16) 17. Nd6 Re7 18. Rc1 Nc5 19. Nxc8 Rxc8 20. b4 Nd3
21. Bxd3 exd3 22. Qxd3 Ng4 23. Bg1 $16) 16... e3 $5 {[%mdl 256] Black realizes
he is in a difficult situation and from now on defends actively, even
investing material.} (16... Nb6 17. fxg6 hxg6 (17... fxg6 18. Bg5 $36) 18. Nxb6
Qxb6 19. a5 Qc5 20. Bg5 Nd7 21. Bf4 $16) 17. Nxe3 (17. Bxe3 $2 b5 18. axb5 axb5
19. Bf4 bxc4 20. Bxb8 Nxb8 $13 {/=/+}) 17... Ne5 18. fxg6 {Eases the pressure.}
(18. Bd2 $5 Bd7 (18... Qb6 19. Qc2) 19. Qb3 $16) 18... hxg6 19. Nc4 (19. Qb3 $1
{/\} Neg4 20. Bxg4 Nxg4 21. Nxg4 Bxg4 22. Bf4 $16) 19... Nxc4 20. Bxc4 b5 $1 (
20... Ng4 21. Bf4 Ne3 22. Bxe3 Rxe3 23. d6 Be6 24. Nd5 $40) 21. axb5 axb5 22.
Bxb5 (22. Nxb5 Ne4 $5 $14 {/\} 23. Qf3 Bf5 24. g4 $2 Nd2 $1 $36) 22... Bd7 23.
Bxd7 (23. Bc4 Rb4 $132) 23... Qxd7 $14 {Although White has 2 extra P, his
pieces are uncoordinated, while Black's army is very active.} 24. Qa4 (24. Qf3
Rb4 (24... Ng4 $5) 25. Rd1 $14 {/\} Ne4 26. Nxe4 Rbxe4 27. Ra8 $1) 24... Qb7
25. Qa7 (25. Qc4 $142 Rbc8 26. Qd3 $14) 25... Ne4 $1 {[%csl Rb2,Rd5] ><b2,d5}
26. Nxe4 Rxe4 27. h3 (27. Qxb7 Rxb7 28. Rd1 Be5 29. g3 Reb4 $14 {/<=>}) 27...
Be5 28. Ra5 Rd4 29. d6 (29. Be3 Rb4 $5 $44 (29... Qxa7 30. Rxa7 Rxd5 31. Raxf7
Bxb2 $14)) 29... Qxa7 30. Rxa7 f6 $132 {White loses one of his extra pawns and
Black's activity will be sufficient to hold even an _|_.} 31. d7 (31. Be3 Rxd6
32. Bc5 (32. b4 Rxb4 $1 33. Bc5 Rf4 34. Rb1 Rd8 $11) 32... Rd2 33. b4 Rbd8 $44
{/\} 34. b5 R8d5 $11) 31... Rd8 32. Be3 R4xd7 33. Rxd7 Rxd7 34. b4 Rd3 35. Bc5
Rb3 $44 36. Kg1 Kf7 37. Rd1 Ke6 38. Kf2 g5 39. Ke2 f5 (39... Rg3 40. Kf1 Rb3
$11) 40. Rd3 Rb2+ 41. Rd2 Rb3 42. Kd1 (42. Ra2 Kd5 43. Be7 g4 $44) 42... f4 43.
Re2 Kd5 44. Kc2 Rb2+ 45. Kd3 Rb3+ 46. Kd2 (46. Kc2 Rb2+ $11) 46... f3 (46...
Bd4 47. Be7 (47. Bxd4 Kxd4 $11) 47... Rb2+ 48. Kd1 Rb1+ $11) 47. gxf3 (47. Rf2
$2 fxg2 48. Rxg2 Rb2+ $19) 47... Bf4+ $1 (47... Rxf3 48. Re3 Bf4 49. Ke2 Bxe3
50. Kxf3 Bxc5 51. bxc5 Kxc5 52. Kg4 Kd6 53. Kxg5 Ke7 $11) 48. Ke1 (48. Ke1 Rxf3
$11 {[%cal Rf3h3] /\Rh3}) 1/2-1/2

[Event "EU-chT (Men) 13th"]
[Site "Leon"]
[Date "2001.11.06"]
[Round "1.3"]
[White "Thorfinnsson, Bragi"]
[Black "Jobava, Baadur"]
[Result "1/2-1/2"]
[WhiteElo "2393"]
[BlackElo "2556"]
[Annotator "Stohl,I"]
[PlyCount "95"]
[EventDate "2001.11.06"]
[EventType "team-swiss"]
[EventRounds "9"]
[EventCountry "ESP"]
[SourceTitle "CBM 086"]
[Source "ChessBase"]
[SourceDate "2002.02.05"]
[SourceVersion "1"]
[SourceVersionDate "2002.02.05"]
[SourceQuality "1"]
[WhiteTeam "Iceland"]
[BlackTeam "Georgia"]
[WhiteTeamCountry "ISL"]
[BlackTeamCountry "GEO"]

1. d4 Nf6 2. c4 g6 3. Nc3 Bg7 4. e4 d6 5. f4 O-O 6. Nf3 c5 7. d5 e6 8. Be2 exd5
9. cxd5 Re8 10. e5 dxe5 11. fxe5 Ng4 12. Bg5 Qb6 13. O-O Nxe5 14. d6 {[%mdl 64]
This forcing tactical line occurs rarely nowadays, as Black has more than one
satisfactory continuation.} Qxb2 (14... Nxf3+ 15. Bxf3 Qxb2 (15... Bd4+ $2 16.
Kh1 Qxd6 17. Bd5 $16 (17. Nb5 $5 Qb6 18. Nxd4 cxd4 19. Qd2 $40)) 16. Nd5 Bd4+ {
-14...Qb2} ({Black can't untangle himself without the back rank tricks after} 
16... Qxa1 $2 17. Qxa1 Bxa1 18. Rxa1 Nd7 19. Be7 Rb8 20. Nc7 Rf8 21. Re1 c4 22.
Bxf8 Kxf8 23. Re8+ Kg7 24. Kf1 b5 25. Bd5 Nf6 26. Rd8 Nxd5 27. Nxd5 $18 {
Bohm,H-Kerkmeester,H/Velp/1978/})) 15. Nd5 Nxf3+ ({The other playable move,
which even leaves more fight in the game, is} 15... Bf5 $1 16. Ne7+ Rxe7 17.
dxe7 Nbc6 18. Rc1 (18. Kh1 Re8 (18... Nxf3 $2 19. Bxf3 Qxa1 20. Bxc6 $1 $18)
19. Rc1 h6 {usually transposes into 18.Rc1}) 18... h6 $5 (18... Re8 19. Kh1 (
19. Nxe5 Qxe5 20. Bb5 Be4 $1 21. Bh4 Qb2 22. Qg4 Bd4+ 23. Kh1 f5 24. Bc4+ Kg7
25. Qg3 Nxe7 $17 {Barsov,A-Marin,M/Budapest/1990/}) 19... Nxe7 20. Rxc5 N7c6
21. Rb5 Qxa2 22. Rxb7 Be4 23. Rb5 Nxf3 24. Bxf3 Bxf3 25. Rxf3 Nd4 26. Re3 Rc8
27. Rb1 Qa5 28. Rc1 {Ovezova,M-Hernandez,Y/Manila olw/1992/} Ra8 $5 $11) 19.
Bh4 Re8 20. Kh1 Nxe7 (20... Ng4 $5 $36) 21. Rxc5 N7c6 22. Nxe5 (22. Rb5 Qxa2
23. Rxb7 Ng4 $17 {Goregliad,S-Byrne,R/New York 1988/}) 22... Rxe5 23. Rxe5 Bxe5
$11 {/=/+}) 16. Bxf3 Bd4+ $1 (16... Nc6 $2 17. Nf6+ $1 Bxf6 18. Bxf6 Qxf6 19.
Bxc6 $16) ({For} 16... Qxa1 $2 {see above.}) (16... Qd4+ $1 {leads to the same
position as the text move.}) 17. Kh1 Qxa1 18. Qxa1 Bxa1 19. Rxa1 Re5 $5 (19...
Nd7 20. Be7 Rb8 21. Nc7 Rf8 22. Re1 b5 $1 23. Bxf8 Kxf8 24. Re8+ Kg7 25. Bc6 b4
26. h3 Nf6 {Garcia,P-Nunez,A/Ciego de Avila/1989/} 27. Rd8 Bb7 28. Rxb8 Bxc6
29. Na6 Nd7 30. Rc8 Bb7 31. Rc7 Bxa6 32. Rxd7 Bc4 33. Rxa7 Kf6 34. Re7 Bxa2 35.
Re5 $1 $11) 20. Ne7+ (20. Bf4 $5 Rxd5 21. Bxd5 Nc6 22. Bxc6 bxc6 23. Rc1 Bd7
24. Rxc5 Rb8 25. h3 Rb5 26. Rc3 $11 {Konikowski,Schmittdiel}) 20... Kg7 21.
Nxc8 Nd7 22. Bxb7 Rb8 23. Bc6 Rxg5 24. Bxd7 c4 $1 25. Nxa7 $8 (25. h4 c3 $1 26.
Ba4 Rd5 27. Nxa7 Rb4 $19 {Dobos,J-Schlosser,M/Balatonbereny op/1989/}) (25. Ne7
$2 Rd8 $19) 25... c3 (25... Rd8 26. Bb5 Rxd6 (26... c3 27. h4 $1 (27. d7 $2 c2
28. Kg1 Rd5 29. Ba4 R8xd7 $19) 27... Rg4 (27... Rd5 28. Rc1 $16) 28. d7 $36)
27. Bxc4 Rd2 28. Rg1 Rc5 $132) 26. Ba4 (26. a4 $2 c2 27. Nb5 Rd5 28. Bg4 Rbxb5
$1 29. axb5 Rxb5 {0-1,Neurohr,S-Schlosser,M/St Ingbert/1988/}) 26... Rd5 (26...
Rb2 27. Rd1 Rgxg2 28. d7 Rxh2+ {1/2,Tozer,R-Schlosser,M/Oakham/1988/}) 27. d7
Rb4 28. Nc6 Rxa4 29. d8=Q Rxd8 30. Nxd8 c2 31. Nc6 Rc4 $146 {Finally a new
move! Black takes back his piece, but can't win the resulting R_|_.} ({Enough
for a draw is also} 31... Rxa2 32. Rc1 Rb2 33. Nd4 Rb1 34. Ne2 Rxc1+ 35. Nxc1
Kf6 36. Kg1 Ke5 37. Kf2 Kd4 38. Ke2 Kc3 39. g4 Kd4 40. Kf3 Kc3 41. Ke3 Kb2 42.
Nd3+ Kb1 43. Kd2 f5 44. gxf5 gxf5 {1/2,Ooi Chern Ee-Kahn,E/Budapest/1997/}) 32.
Rc1 Rxc6 33. Kg1 g5 (33... Kf6 34. Kf2 Ke5 35. Ke3 $11) 34. h3 $1 (34. Kf2 g4
$1 {/\} 35. Ke3 f5 36. Kd3 (36. g3 $2 h5 $1 37. Kd3 h4 $17) 36... Rh6 $15)
34... Kg6 35. Kf2 Kh5 36. a4 $11 {Now with Black's K comitted to the >> White
uses his o^ to achieve a theoretically drawn _|_ with pawns on one flank.} f5
37. a5 Kh4 38. a6 f4 (38... Rxa6 39. Rxc2 $11) 39. a7 Rc8 40. Kf3 Ra8 (40...
Rc3+ 41. Kf2 $11) 41. Rxc2 Rxa7 42. Rc6 h5 43. Rh6 $1 {Traps Black's K,
forcing further P exchanges.} Ra3+ 44. Kf2 f3 (44... g4 45. hxg4 Kxg4 46. Rg6+
$11) 45. gxf3 Ra2+ 46. Kf1 (46. Kg1 $2 Kg3 $19) 46... Rb2 47. Rh8 Rh2 48. Kg1 (
48. Kg1 Rxh3 49. Kg2 Rg3+ 50. Kf2 $11) 1/2-1/2

[Event "Dresden zt 1.2"]
[Site "Dresden"]
[Date "1998.04.29"]
[Round "2"]
[White "Jussupow, Artur"]
[Black "Uhlmann, Wolfgang"]
[Result "1-0"]
[WhiteElo "2630"]
[BlackElo "2495"]
[Annotator "Stohl,I"]
[PlyCount "79"]
[EventDate "1998.04.28"]
[EventType "swiss"]
[EventRounds "11"]
[EventCountry "GER"]
[SourceTitle "CBM 065"]
[Source "ChessBase"]
[SourceDate "1998.08.06"]
[SourceVersion "1"]
[SourceVersionDate "1998.08.06"]
[SourceQuality "1"]

1. d4 Nf6 2. c4 g6 3. Nc3 Bg7 4. e4 d6 5. f4 O-O 6. Nf3 c5 7. d5 {Theory has
some problems in qualifying these positions, one part belongs to the King's
Indian, another to Benoni indexes.} a6 $6 {[%csl Rb6] It's well-known the
interpolation of a6:a4 can often bin White's favour, this is also the case
here. Black's Nb8 will be deprived of the a6 square and moreover b6 will be
very weak.} ({Better is the usual} 7... e6 $142 $13) 8. a4 e6 9. Be2 exd5 10.
cxd5 Re8 11. Nd2 $1 Ng4 (11... Nbd7 12. O-O c4 13. Kh1 $1 Nc5 14. e5 dxe5 15.
fxe5 Rxe5 16. Nxc4 Rxe2 $5 (16... Rf5 17. Bf4 g5 $6 18. Be3 Rxf1+ 19. Qxf1 Nfe4
20. Nxe4 Nxe4 21. Bd3 $1 $16 {[%csl Rb6] Lukacs,P-Karlsson,L/Helsinki/1983/
clearly shows ><b6.}) 17. Nxe2 Bg4 $14) 12. Nc4 $5 (12. Bxg4 $143 Qh4+ 13. g3
Qxg4 14. Qxg4 Bxg4 15. Kf2 (15. O-O f5 $1 (15... Bh3 16. Re1 Nd7 17. Nc4 Bf8
18. a5 Nf6 19. Bd2 Ng4 20. Na4 Rad8 21. Bc3 f5 22. exf5 gxf5 23. Nab6 Kf7 24.
Rad1 Re4 25. Nd2 Ree8 26. Ndc4 $13 {Hetenyi,G-Gazik,I/Szekszard op/1989/}) 16.
Nc4 Bd4+ 17. Kh1 Rd8 18. e5 Bxc3 19. bxc3 Be2 20. Nb6 Bxf1 21. Nxa8 dxe5 22.
fxe5 Rxd5 23. Bf4 Bd3 24. Nc7 Be4+ 25. Kg1 Rd3 26. Ne6 Nd7 27. Ng5 Bc6 $17 {
Deriabin-Arzumanian/Yalta opJ/1995/}) 15... Bd4+ (15... f5 $6 16. h3 Bxc3 17.
bxc3 fxe4 18. hxg4 e3+ 19. Kf3 exd2 20. Bxd2 Nd7 21. Rab1 Rab8 22. c4 b6 23. g5
Re7 24. Rhe1 Rxe1 25. Bxe1 Kf7 26. Bc3 $16 {[%csl Rb6,Rh7] _|_,><h7,b6,Yrjola,
J-Mamombe,K/Manila olm/1992/}) 16. Kg2 Nd7 17. h3 Bxc3 18. bxc3 Be2 19. Re1 Bd3
20. Re3 c4 21. Ba3 Nb6 22. Bxd6 (22. Rae1 Nxa4 23. Bxd6 Nxc3 24. Be5 Rxe5 25.
fxe5 b5 26. Rf3 $15 {1/2,Avshalumov,A-Szekely,P/Budapest/1990/}) 22... Nxd5 23.
Rxd3 cxd3 24. c4 Ne3+ (24... Nc3 25. Kf3 b5 26. axb5 axb5 27. Rxa8 Rxa8 28. c5
f5 $17 {Otero,F-Miguel,V/La Coruna/1993/}) 25. Kf2 Nxc4 26. Nxc4 Rxe4 27. Ne3
Rd8 28. Bc7 Rd7 29. Bb6 d2 30. Ke2 h5 31. a5 h4 $17 {Michaelsen,N-Uhlmann,W/
GER-ch Wildbad/1993/}) 12... Bxc3+ $2 {Accepting the pawn sacrifice is
extremely risky.} (12... f5 13. Bxg4 fxg4 14. e5 (14. O-O $5 Bxc3 15. bxc3 Rxe4
16. Qb3 $44) 14... dxe5 15. O-O exf4 16. Bxf4 Bd4+ 17. Kh1 Nd7 18. Nd6 Rf8 19.
Qd2 Nf6 20. Rae1 Nh5 21. Nce4 Nxf4 22. Rxf4 Be5 23. Rxf8+ Qxf8 24. Nc4 Bd4 25.
Nb6 Rb8 26. Ng3 $13 {Schmidt,L-Aepfler,C/OLO-B/1994/}) (12... h5 $142 $5 13.
Qc2 (13. O-O Bd4+ 14. Kh1 Nxh2 $1 $19) 13... f5 $132) 13. bxc3 Rxe4 14. O-O f5
$146 {This new move doesn't change the evaluation of the position as very
dangerous for Black.} (14... Nh6 15. a5 Nf5 16. Bd3 Re8 17. Nb6 Ra7 18. Re1 Nd7
19. Bxf5 gxf5 20. c4 Nxb6 21. axb6 Ra8 22. Bb2 Bd7 23. Qh5 f6 24. Qh4 Rf8 25.
Ra3 Rf7 26. Rg3+ Kh8 27. Rg6 Be8 28. Rxe8+ Qxe8 29. Qxf6+ {1-0,Penzias,
M-Mashian,Y/Tel Aviv ASA/1993/}) 15. a5 Nf6 16. Rb1 (16. Nb6 $5 Ra7 17. Bd3 Re8
18. c4 $40 {[%cal Yc1b2,Yd1c3,Ga1h8] /\Bb2,Qc2-c3,/^a1-h8}) 16... Rxc4 $5 {
Black's only counterchance.} (16... Qc7 17. Bd3 Re7 18. Nb6 Ra7 19. c4 $16) 17.
Bxc4 Qxa5 18. Be2 b5 ({White will open the long diagonal anyway, so perhaps
Black should have tried} 18... Qxc3 19. Bb2 $5 (19. Rb3 Qd4+ 20. Qxd4 cxd4 21.
Bb2 $14) 19... Qe3+ 20. Kh1 Ne4 21. Qe1 Nd7 (21... b5 22. Qh4 $1 $40) 22. Rd1 {
[%cal Rf1f3] /\Rf3} (22. Qh4 $2 Qxe2 23. Qh6 Ndf6 24. Bxf6 Nxf6 25. Rbe1 Qh5
$19) 22... Qb3 23. Ba1 $40) 19. c4 b4 {Now the position is stabilized and
White can continue his attack undisturbed.} (19... bxc4 $6 20. Bxc4 Qc3 21. Qe2
$18 {[%cal Gb1b8,Ge2e8] ->,<->b,e,}) 20. Bb2 Qd8 21. Bd3 Nbd7 (21... Ng4 22.
Qe2 {[%cal Rb2a1,Re2b2] /\Ba1,Qb2}) 22. Qe1 Nf8 (22... a5 $5 23. Qe6+ Kg7 24.
Rbe1 $5 (24. Qxd6 Ra6 25. Bxf6+ Qxf6 $14) 24... Qf8 25. Qe7+ Qxe7 26. Rxe7+ Kg8
27. Re6 $36) 23. Qh4 Kf7 24. g4 $1 Bd7 $6 (24... fxg4 25. f5 $18 {->}) (24...
Ra7 $142 $5) 25. Qh6 Bc8 26. Rbe1 (26. g5 Ne8 (26... Nh5 27. Be2 $18) 27. Rbe1
Ra7 $8 {-26.Rbe1} (27... a5 $2 28. Rxe8 Kxe8 29. Re1+ $18)) 26... Ra7 (26...
fxg4 27. f5 g5 28. Re6 $18) 27. g5 Nh5 (27... Ne8 28. Rxe8 $1 Kxe8 (28... Qxe8
$2 29. Qg7#) 29. Bf6 Re7 $8 (29... Qb6 30. Re1+ $18) 30. Kf2 $1 {[%cal Rf1e1] /
\Re1+-}) 28. Be2 $18 Kg8 29. Bxh5 gxh5 30. Bf6 Qd7 (30... Qb6 31. Re8 $18) 31.
Re7 {The attack has broken through, Black's position fall apart.} Qxe7 $8 32.
Bxe7 Rxe7 33. Qxd6 Re4 34. Qxc5 Bd7 35. Qxb4 Bb5 36. Rc1 Rxf4 37. Qb3 Bd7 38.
c5 Rg4+ 39. Kh1 Ba4 40. Qf3 1-0